Obce okresu Uherské Hradiště - Statistics

General Stats
  • This quiz has been taken 220 times
  • The average score is 34 of 78
Answer Stats
Počet obyvatel Odpověď % Correct
24 933 Uherské Hradiště
95%
16 444 Uherský Brod
92%
6 625 Staré Město
90%
5 650 Kunovice
87%
4 277 Uherský Ostroh
79%
2 420 Buchlovice
74%
4 289 Hluk
74%
2 864 Dolní Němčí
72%
820 Horní Němčí
72%
3 414 Ostrožská Nová Ves
72%
1 003 Huštěnovice
69%
1 845 Babice
64%
4 403 Bojkovice
64%
880 Osvětimany
64%
1 616 Nedakonice
62%
2 209 Boršice
56%
896 Kostelany nad Moravou
56%
3 365 Strání
56%
257 Újezdec
56%
716 Modrá
54%
1 017 Popovice
54%
980 Hradčovice
51%
3 373 Nivnice
51%
771 Ořechov
51%
2 023 Polešovice
51%
2 969 Vlčnov
51%
1 919 Bílovice
49%
873 Břestek
49%
2 202 Bánov
46%
1 804 Jalubí
46%
1 491 Ostrožská Lhota
46%
132 Staré Hutě
46%
812 Boršice u Blatnice
41%
214 Hostětín
41%
535 Komňa
41%
923 Pitín
41%
1 126 Velehrad
41%
381 Částkov
38%
786 Nedachlebice
38%
253 Tučapy
38%
1 124 Tupesy
38%
1 625 Zlechov
38%
684 Slavkov
36%
788 Starý Hrozenkov
36%
856 Bystřice pod Lopeníkem
33%
1 197 Mistřice
33%
422 Salaš
33%
163 Stupava
33%
1 637 Šumice
33%
670 Sušice
33%
526 Veletiny
33%
1 027 Záhorovice
33%
177 Žítková
33%
1 723 Březolupy
31%
1 063 Kněžpole
31%
417 Košíky
31%
238 Lopeník
31%
711 Nezdenice
31%
896 Podolí
31%
1 607 Topolná
31%
1 174 Traplice
31%
193 Vyškovec
31%
339 Zlámanec
31%
985 Březová
28%
425 Stříbrnice
28%
40 Hostějov
26%
460 Jankovice
26%
927 Korytná
26%
462 Medlovice
26%
982 Kudlovice
23%
1 011 Prakšice
23%
1 155 Suchá Loz
23%
220 Svárov
23%
424 Vážany
23%
704 Pašovice
21%
195 Vápenice
21%
501 Drslavice
18%
478 Rudice
18%
No matching quizzes found
Score Distribution
Percent of People with Each Score
Percentile by Number Answered
Your Score History
You have not taken this quiz